[Event "Hessen Senioren-ch 2012  8th"]
[Site "Bad Sooden-Adf. (14.4.-22.4)"]
[Date "2012.04.14"]
[Round "1.23"]
[White "Etzold, Walter"]
[Black "Mertens, Gottfried"]
[Result "1/2-1/2"]
[WhiteElo "1995"]
[BlackElo "1829"]
[PlyCount "62"]
[EventDate "2012.04.??"]
[EventType "swiss"]
[EventRounds "9"]
[EventCountry "GER"]
[WhiteTeam "Langenberg(Gera) Elstertal SZ"]
[BlackTeam "Weinheim 1911 SK"]

1. d4 f5 2. g3 Nf6 3. Bg2 g6 4. c4 Bg7 5. Nc3 d6 6. Nh3 O-O 7. O-O c6 8. b3 Qa5
9. Bd2 Qc7 10. d5 Nbd7 11. Rc1 Nc5 12. Nf4 a5 13. Be3 Nce4 14. Na4 c5 15. f3
Ng5 16. Nxg6 Nxf3+ 17. exf3 hxg6 18. Nc3 Bd7 19. a4 Rae8 20. Qd2 b6 21. Rfe1
Qd8 22. Ne2 Nh5 23. Rcd1 Be5 24. Bg5 Rf7 25. Nc1 Qc8 26. Nd3 Bf6 27. Bxf6 exf6
28. Qh6 Rg7 29. Rxe8+ Qxe8 30. Re1 Qf7 31. Qe3 Kh7 1/2-1/2

[Event "Hessen Senioren-ch 2012  8th"]
[Site "Bad Sooden-Adf. (14.4.-22.4)"]
[Date "2012.04.14"]
[Round "1.24"]
[White "Hoellger, Herbert"]
[Black "Zunker, Reinhard Dr"]
[Result "1/2-1/2"]
[WhiteElo "1841"]
[BlackElo "2030"]
[PlyCount "110"]
[EventDate "2012.04.??"]
[EventType "swiss"]
[EventRounds "9"]
[EventCountry "GER"]
[WhiteTeam "Bad Hersfeld SK"]
[BlackTeam "Hofheim 1920 SV"]

1. d4 Nf6 2. Nf3 c5 3. e3 e6 4. Bd3 Nc6 5. O-O Qc7 6. a3 h6 7. b3 a6 8. c4 b6
9. Bb2 Bb7 10. Nbd2 Be7 11. Ne5 d6 12. Nxc6 Qxc6 13. e4 cxd4 14. Bxd4 e5 15.
Be3 g5 16. Qe2 Bc8 17. f3 Nh5 18. g3 Ng7 19. Nb1 f5 20. Nc3 f4 21. Bf2 O-O 22.
Nd5 Bd8 23. b4 Ne6 24. g4 Ra7 25. Kg2 h5 26. h3 Rh7 27. Rh1 Ng7 28. Bxb6 Kf7
29. c5 Ne6 30. b5 axb5 31. Bxb5 Qa8 32. cxd6 Qb8 33. Bf2 Qxd6 34. Qa2 Kg6 35.
Rad1 Rfh8 36. a4 Nd4 37. Bxd4 exd4 38. Qc4 Be6 39. Qxd4 hxg4 40. hxg4 Rxh1 41.
Rxh1 Rxh1 42. Kxh1 Bxd5 43. Be8+ Kh7 44. Qxd5 Qxd5 45. exd5 Kg7 46. Kg2 Kf6 47.
Kf2 Ke5 48. Bc6 Kd4 49. Ke2 Ba5 50. Bb7 Bb4 51. Ba8 Ba5 52. Bc6 Bb4 53. Bb7 Ba5
54. d6 Kc4 55. d7 Kd4 1/2-1/2

[Event "Hessen Senioren-ch 2012  8th"]
[Site "Bad Sooden-Adf. (14.4.-22.4)"]
[Date "2012.04.14"]
[Round "1.25"]
[White "Niebling, Ferdinand"]
[Black "Nietsch, Horst"]
[Result "1/2-1/2"]
[WhiteElo "1998"]
[BlackElo "1831"]
[PlyCount "55"]
[EventDate "2012.04.??"]
[EventType "swiss"]
[EventRounds "9"]
[EventCountry "GER"]
[WhiteTeam "Frankfurt-West SC"]
[BlackTeam "Berlin Weißensee 49 SG"]

1. e4 g6 2. d4 Bg7 3. Nf3 d6 4. Nc3 c6 5. h3 Nf6 6. Be3 O-O 7. Qd2 Nbd7 8. Bh6
e5 9. Bxg7 Kxg7 10. O-O-O b5 11. dxe5 dxe5 12. Qd6 Qb6 13. Nxe5 Nxe5 14. Qxe5
b4 15. Na4 Qxf2 16. Bd3 Re8 17. Qc7 Be6 18. Rhf1 Qe3+ 19. Kb1 Rac8 20. Qf4 Qxf4
21. Rxf4 c5 22. b3 Nd7 23. Bb5 Re7 24. Bxd7 Bxd7 25. Nb2 Be6 26. e5 g5 27. Rf2
c4 28. bxc4 1/2-1/2

[Event "Hessen Senioren-ch 2012  8th"]
[Site "Bad Sooden-Adf. (14.4.-22.4)"]
[Date "2012.04.14"]
[Round "1.26"]
[White "Voermans, Adri"]
[Black "Achenbach, Manfred"]
[Result "1/2-1/2"]
[WhiteElo "1906"]
[BlackElo "1989"]
[PlyCount "55"]
[EventDate "2012.04.??"]
[EventType "swiss"]
[EventRounds "9"]
[EventCountry "GER"]
[WhiteTeam "NED/Den Haag DD"]
[BlackTeam "Mülheim 08/25 SC"]
[WhiteTeamCountry "NED"]

1. d4 c5 2. dxc5 e6 3. Nf3 Bxc5 4. Nc3 d5 5. Bf4 Nf6 6. e3 O-O 7. Bd3 a6 8. O-O
b5 9. a3 Nc6 10. Nd4 Bb7 11. Nce2 h6 12. c3 Re8 13. Nxc6 Bxc6 14. Nd4 Bb7 15.
Nf3 Nh5 16. Be5 Nf6 17. Bd4 Bd6 18. Ne5 Nd7 19. Nxd7 Qxd7 20. f4 f5 21. g4 Qf7
22. Rf2 Rac8 23. gxf5 e5 24. fxe5 Bxe5 25. Qg4 Qf6 26. Raf1 Re7 27. Qg6 Rf8 28.
Bc5 1/2-1/2

[Event "Hessen Senioren-ch 2012  8th"]
[Site "Bad Sooden-Adf. (14.4.-22.4)"]
[Date "2012.04.14"]
[Round "1.27"]
[White "Lenk, Wolfgang"]
[Black "Klein, Klaus(36)"]
[Result "1/2-1/2"]
[WhiteElo "2022"]
[BlackElo "1823"]
[PlyCount "50"]
[EventDate "2012.04.??"]
[EventType "swiss"]
[EventRounds "9"]
[EventCountry "GER"]
[WhiteTeam "Dresden TU USV"]
[BlackTeam "Heidelberg SF"]

1. e4 c6 2. d4 d5 3. Nc3 dxe4 4. Nxe4 Bf5 5. Ng3 Bg6 6. Bc4 e6 7. N1e2 Nf6 8.
Bf4 Bd6 9. O-O Bxf4 10. Nxf4 Nd5 11. Nxd5 cxd5 12. Bb5+ Nd7 13. f4 O-O 14. f5
exf5 15. Nxf5 Nf6 16. Bd3 Re8 17. c3 Qb6 18. Qd2 Re6 19. Rae1 Rae8 20. b3 Rxe1
21. Rxe1 Rxe1+ 22. Qxe1 Bxf5 23. Bxf5 g6 24. Bc2 Qe6 25. Qxe6 fxe6 1/2-1/2

[Event "Hessen Senioren-ch 2012  8th"]
[Site "Bad Sooden-Adf. (14.4.-22.4)"]
[Date "2012.04.14"]
[Round "1.28"]
[White "Huhn, Ulrich"]
[Black "Schneider, Alexander(52)"]
[Result "0-1"]
[WhiteElo "1789"]
[BlackElo "1981"]
[PlyCount "84"]
[EventDate "2012.04.??"]
[EventType "swiss"]
[EventRounds "9"]
[EventCountry "GER"]
[WhiteTeam "Berlin Siemensstadt SF"]
[BlackTeam "Wilhelmshavener SF"]

1. d4 c6 2. Nc3 d5 3. Bg5 Bf5 4. e3 Qb6 5. Bd3 Qxb2 6. Na4 Qa3 7. Bxf5 Qxa4 8.
Bc8 Qa5+ 9. Qd2 Qc7 10. Bg4 e6 11. Bf4 Bd6 12. Bxd6 Qxd6 13. Nf3 h5 14. Bh3 Nd7
15. Rb1 b6 16. O-O Ngf6 17. g3 Ne4 18. Qd3 O-O 19. c4 Ndf6 20. Rfc1 Rac8 21.
Rc2 dxc4 22. Rxc4 c5 23. Rbc1 b5 24. R4c2 c4 25. Qe2 Ng4 26. Bxg4 hxg4 27. Ne5
f5 28. f3 gxf3 29. Qxf3 Nf6 30. Rb1 a6 31. Qe2 Qd5 32. Rbc1 Qe4 33. Qd2 Ng4 34.
Nxg4 fxg4 35. Re1 Rf3 36. Qg2 Rcf8 37. Rf2 c3 38. Ree2 Qd3 39. Qf1 Rxf2 40.
Rxf2 Qxf1+ 41. Rxf1 Rxf1+ 42. Kxf1 c2 0-1

[Event "Hessen Senioren-ch 2012  8th"]
[Site "Bad Sooden-Adf. (14.4.-22.4)"]
[Date "2012.04.14"]
[Round "1.29"]
[White "Arp, Frans"]
[Black "Johannsen, Ingbert"]
[Result "0-1"]
[WhiteElo "1833"]
[BlackElo "1800"]
[PlyCount "60"]
[EventDate "2012.04.??"]
[EventType "swiss"]
[EventRounds "9"]
[EventCountry "GER"]
[WhiteTeam "NED/Haarlem"]
[BlackTeam "Witten SG"]
[WhiteTeamCountry "NED"]

1. e4 e6 2. Nf3 d5 3. Nc3 Nf6 4. e5 Nfd7 5. d4 c5 6. Bg5 f6 7. exf6 Nxf6 8. Ne5
Nbd7 9. Bb5 Be7 10. Bxf6 Bxf6 11. f4 cxd4 12. Qxd4 O-O 13. O-O a6 14. Bxd7 Bxd7
15. Rad1 Bc6 16. Rf3 Qc7 17. Rh3 Rae8 18. Qd3 g6 19. Re1 b5 20. Qg3 Bb7 21.
Nxg6 hxg6 22. Qxg6+ Qg7 23. Qh5 Qc7 24. Rg3+ Bg7 25. f5 Qc5+ 26. Kh1 Re7 27.
Rh3 Rxf5 28. Qh7+ Kf8 29. Rg3 Qf2 30. Rg1 Qxg1+ 0-1

[Event "Hessen Senioren-ch 2012  8th"]
[Site "Bad Sooden-Adf. (14.4.-22.4)"]
[Date "2012.04.14"]
[Round "1.30"]
[White "Reimann, Guenther"]
[Black "Hampel, Johannes"]
[Result "1/2-1/2"]
[WhiteElo "1779"]
[BlackElo "1950"]
[PlyCount "47"]
[EventDate "2012.04.??"]
[EventType "swiss"]
[EventRounds "9"]
[EventCountry "GER"]
[WhiteTeam "Magstadt SC"]
[BlackTeam "Dresden-Leuben SV"]

1. c4 e6 2. d3 d5 3. Nd2 Nf6 4. Ngf3 c5 5. g3 Nc6 6. Bg2 Be7 7. O-O O-O 8. a3
b6 9. Re1 Bb7 10. e3 Qc7 11. Qc2 Rfd8 12. b3 Rd7 13. Bb2 Rad8 14. Rac1 dxc4 15.
dxc4 Qd6 16. Bxf6 gxf6 17. Ne4 Qd3 18. Nc3 Na5 19. Qb2 Bxf3 20. Bxf3 Qf5 21.
Be4 Qe5 22. f4 Qh5 23. Nb1 Rd1 24. Qc2 1/2-1/2

[Event "Hessen Senioren-ch 2012  8th"]
[Site "Bad Sooden-Adf. (14.4.-22.4)"]
[Date "2012.04.14"]
[Round "1.31"]
[White "Gousseinov, Aguif"]
[Black "Fleischer, Martin"]
[Result "1/2-1/2"]
[WhiteElo "1935"]
[BlackElo "1758"]
[PlyCount "81"]
[EventDate "2012.04.??"]
[EventType "swiss"]
[EventRounds "9"]
[EventCountry "GER"]
[WhiteTeam "FRA/Paris"]
[BlackTeam "Schwerin Einheit SV"]
[WhiteTeamCountry "FRA"]

1. e4 e6 2. d4 d5 3. exd5 exd5 4. Bd3 Nf6 5. Bf4 Bg4 6. Ne2 Bd6 7. Qd2 O-O 8.
O-O Bxe2 9. Bxe2 Ne4 10. Qc1 Bxf4 11. Qxf4 Qd6 12. Qxd6 Nxd6 13. Nd2 Nd7 14.
Bd3 g6 15. b3 f5 16. f3 Rfe8 17. Rfe1 Kf7 18. c4 dxc4 19. bxc4 c5 20. d5 Ne5
21. Bf1 g5 22. h3 h5 23. Kf2 Rab8 24. a4 b6 25. Be2 Ng6 26. Bf1 h4 27. Rxe8
Rxe8 28. a5 Re7 29. axb6 axb6 30. Ra8 Rb7 31. Rd8 Ke7 32. Rg8 Kf7 33. Rd8 Ne8
34. Bd3 Ke7 35. Ra8 Nd6 36. Rg8 Kf6 37. Rd8 Nf7 38. Ra8 Nge5 39. Bf1 Nd7 40.
Be2 Ke7 41. f4 1/2-1/2

[Event "Hessen Senioren-ch 2012  8th"]
[Site "Bad Sooden-Adf. (14.4.-22.4)"]
[Date "2012.04.14"]
[Round "1.32"]
[White "Kluger, Hans-Peter"]
[Black "Kahn, Peter"]
[Result "1/2-1/2"]
[WhiteElo "1746"]
[BlackElo "1952"]
[PlyCount "58"]
[EventDate "2012.04.??"]
[EventType "swiss"]
[EventRounds "9"]
[EventCountry "GER"]
[WhiteTeam "Fallersleben SF"]
[BlackTeam "Siebenlehner SV"]

1. e4 e5 2. Nf3 Nc6 3. Bc4 Nf6 4. Nc3 Nxe4 5. Nxe4 d5 6. Bb5 dxe4 7. Nxe5 Qd5
8. Bxc6+ bxc6 9. Ng4 Ba6 10. Ne3 Qe5 11. Rb1 Bc5 12. b3 O-O 13. Bb2 Qe6 14. c4
f5 15. Qh5 Rad8 16. Bc3 Bd4 17. Ba5 Rd7 18. O-O f4 19. Nc2 Be5 20. Rbe1 Rf5 21.
Qh3 Rd3 22. f3 Qg6 23. Rxe4 Rh5 24. Qg4 Rg5 25. Qh4 Rxg2+ 26. Kh1 Rxf3 27. Qd8+
Kf7 28. Qd7+ Kg8 29. Qd8+ Kf7 1/2-1/2

[Event "Hessen Senioren-ch 2012  8th"]
[Site "Bad Sooden-Adf. (14.4.-22.4)"]
[Date "2012.04.14"]
[Round "1.33"]
[White "Petzold, Hans ProfDr"]
[Black "Josting, Friedel"]
[Result "1/2-1/2"]
[WhiteElo "1996"]
[BlackElo "1785"]
[PlyCount "42"]
[EventDate "2012.04.??"]
[EventType "swiss"]
[EventRounds "9"]
[EventCountry "GER"]
[WhiteTeam "Dresden TU USV"]
[BlackTeam "Bünde 1945 SG"]

1. e4 c5 2. Nc3 Nc6 3. f4 d6 4. Nf3 g6 5. Bb5 Bg7 6. O-O Bd7 7. d3 a6 8. Bxc6
Bxc6 9. Qe1 Nf6 10. Bd2 Qc7 11. Qh4 Nd7 12. Rae1 h6 13. Nd1 Bf6 14. Qg3 O-O-O
15. Bc3 Rdg8 16. e5 Bxf3 17. Rxf3 Bg7 18. e6 fxe6 19. Bxg7 Rxg7 20. Rxe6 Nf6
21. Rfe3 g5 1/2-1/2

[Event "Hessen Senioren-ch 2012  8th"]
[Site "Bad Sooden-Adf. (14.4.-22.4)"]
[Date "2012.04.14"]
[Round "1.35"]
[White "Thieme, Hans(08.33)"]
[Black "Burckhardt, Karl"]
[Result "1-0"]
[WhiteElo "1959"]
[BlackElo "1725"]
[PlyCount "45"]
[EventDate "2012.04.??"]
[EventType "swiss"]
[EventRounds "9"]
[EventCountry "GER"]
[WhiteTeam "Oberursel SV"]
[BlackTeam "Fulda SC"]

1. e4 d6 2. d4 Nf6 3. Bd3 e5 4. c3 Be7 5. f4 exf4 6. Bxf4 Bg4 7. Ne2 O-O 8. O-O
Nbd7 9. Qc2 Bxe2 10. Bxe2 c5 11. Bf3 Qb6 12. Qf2 Rfd8 13. a4 Rac8 14. Be3 Rf8
15. a5 Qc7 16. a6 bxa6 17. Rxa6 cxd4 18. cxd4 Nb8 19. Ra3 d5 20. Rc3 Qd7 21.
Rxc8 Rxc8 22. e5 Ne8 23. Bg4 1-0

[Event "Hessen Senioren-ch 2012  8th"]
[Site "Bad Sooden-Adf. (14.4.-22.4)"]
[Date "2012.04.14"]
[Round "1.36"]
[White "Piastowski, Kurt"]
[Black "Niebuhr, Gerd"]
[Result "0-1"]
[WhiteElo "1749"]
[BlackElo "1954"]
[PlyCount "40"]
[EventDate "2012.04.??"]
[EventType "swiss"]
[EventRounds "9"]
[EventCountry "GER"]
[WhiteTeam "Lüneburg Turm SC"]
[BlackTeam "Wedemark Freibauer"]

1. d4 Nf6 2. Nf3 g6 3. Bf4 Bg7 4. Nc3 d5 5. e3 O-O 6. Bd3 c5 7. b3 Nc6 8. Qd2
cxd4 9. exd4 Nb4 10. Be2 Bf5 11. Rc1 Rc8 12. a3 Nxc2+ 13. Rxc2 Bxc2 14. Qxc2
Ne4 15. Bc4 Nxc3 16. Qxc3 b5 17. O-O dxc4 18. b4 Qd5 19. Re1 Rfe8 20. Be5 f6
0-1

[Event "Hessen Senioren-ch 2012  8th"]
[Site "Bad Sooden-Adf. (14.4.-22.4)"]
[Date "2012.04.14"]
[Round "1.37"]
[White "Haselhorst, Helmut"]
[Black "Rollwitz, Juergen"]
[Result "1/2-1/2"]
[WhiteElo "1984"]
[BlackElo "1755"]
[PlyCount "58"]
[EventDate "2012.04.??"]
[EventType "swiss"]
[EventRounds "9"]
[EventCountry "GER"]
[WhiteTeam "Ost/Westbevern SK"]
[BlackTeam "Berlin Wedding SG"]

1. d4 d6 2. e4 Nf6 3. Nc3 e5 4. Nf3 Nbd7 5. Bc4 Be7 6. O-O c6 7. a4 O-O 8. Re1
Nb6 9. Bf1 Bg4 10. dxe5 Bxf3 11. Qxf3 dxe5 12. Ne2 Qd7 13. Ng3 g6 14. h3 Rfd8
15. a5 Nc8 16. Bc4 Nd6 17. Ba2 Nde8 18. Bg5 Kg7 19. Red1 Qc7 20. Qc3 Rxd1+ 21.
Rxd1 Rd8 22. Rxd8 Bxd8 23. b4 Nd5 24. Bxd8 Nxc3 25. Bxc7 Nxc7 26. Bc4 b6 27.
axb6 axb6 28. Bd3 h6 29. Kf1 Na6 1/2-1/2

[Event "Hessen Senioren-ch 2012  8th"]
[Site "Bad Sooden-Adf. (14.4.-22.4)"]
[Date "2012.04.14"]
[Round "1.38"]
[White "Draxler, Gottfried"]
[Black "Oud, Niek"]
[Result "0-1"]
[WhiteElo "1697"]
[BlackElo "2162"]
[PlyCount "31"]
[EventDate "2012.04.??"]
[EventType "swiss"]
[EventRounds "9"]
[EventCountry "GER"]
[WhiteTeam "Neuberg Sfr."]
[BlackTeam "NED/Amstelveen"]
[BlackTeamCountry "NED"]

1. d4 d5 2. c4 e6 3. Nc3 Nf6 4. Bg5 Be7 5. e3 O-O 6. Nf3 Nbd7 7. Bd3 b6 8. O-O
Bb7 9. Re1 h6 10. Bh4 Re8 11. Qe2 c5 12. cxd5 Nxd5 13. Bxe7 Qxe7 14. Ba6 Bxa6
15. Nxd5 exd5 16. Qxa6 0-1

[Event "Hessen Senioren-ch 2012  8th"]
[Site "Bad Sooden-Adf. (14.4.-22.4)"]
[Date "2012.04.14"]
[Round "1.39"]
[White "Romanow, Werner"]
[Black "Wulf, Adalbert"]
[Result "1-0"]
[WhiteElo "1961"]
[BlackElo "1751"]
[PlyCount "51"]
[EventDate "2012.04.??"]
[EventType "swiss"]
[EventRounds "9"]
[EventCountry "GER"]
[WhiteTeam "Merseburg SV"]
[BlackTeam "Ennigerloh-Oelde SV"]

1. c4 Nf6 2. Nf3 d6 3. g3 g6 4. Bg2 Bg7 5. Nc3 c5 6. O-O O-O 7. d4 cxd4 8. Nxd4
a6 9. b3 Nbd7 10. Bb2 Rb8 11. Qd2 Nc5 12. Rfe1 Bd7 13. Rac1 Qa5 14. Rc2 e5 15.
Nf3 Rfd8 16. Rd1 Bc6 17. Ba1 Qb6 18. Qe1 Nce4 19. Nxe4 Nxe4 20. Nd2 f5 21. Nxe4
fxe4 22. e3 Qc7 23. Rcd2 Bf8 24. Qe2 Qc8 25. Bxe5 Qf5 26. Bxd6 1-0

[Event "Hessen Senioren-ch 2012  8th"]
[Site "Bad Sooden-Adf. (14.4.-22.4)"]
[Date "2012.04.14"]
[Round "1.40"]
[White "Pajcin, Jovan"]
[Black "Biller, Helmut Dr"]
[Result "0-1"]
[WhiteElo "1675"]
[BlackElo "1975"]
[PlyCount "76"]
[EventDate "2012.04.??"]
[EventType "swiss"]
[EventRounds "9"]
[EventCountry "GER"]
[WhiteTeam "Leiden Philidor"]
[BlackTeam "Frankfurt 1921 Sfr."]

1. e4 e6 2. Nf3 d5 3. e5 c5 4. Bb5+ Bd7 5. a4 Nc6 6. O-O Nge7 7. Re1 Nf5 8. c3
Be7 9. Bf1 O-O 10. Na3 Qb6 11. b3 Rac8 12. Bd3 g6 13. Bc2 f6 14. Bxf5 gxf5 15.
d4 fxe5 16. Nxe5 Nxe5 17. dxe5 Kh8 18. c4 d4 19. Nb5 Bxb5 20. axb5 Rg8 21. Bd2
a6 22. Ba5 Qa7 23. f4 b6 24. Bxb6 Qxb6 25. Rxa6 Qb7 26. Qd2 Rg6 27. Rea1 Rcg8
28. Rc6 Rxg2+ 29. Qxg2 Rxg2+ 30. Kxg2 Kg7 31. Kf2 Kf7 32. Raa6 Qd7 33. Rd6 Bxd6
34. Rxd6 Qa7 35. Ra6 Qb7 36. Rc6 Qa8 37. Ra6 Qe4 38. Ra2 Qxf4+ 0-1

[Event "Hessen Senioren-ch 2012  8th"]
[Site "Bad Sooden-Adf. (14.4.-22.4)"]
[Date "2012.04.14"]
[Round "1.41"]
[White "Limberg, Siegfried"]
[Black "Boehme, Erich"]
[Result "1/2-1/2"]
[WhiteElo "1980"]
[BlackElo "1740"]
[PlyCount "58"]
[EventDate "2012.04.??"]
[EventType "swiss"]
[EventRounds "9"]
[EventCountry "GER"]
[WhiteTeam "Königstein/Schwalbach Sfr."]
[BlackTeam "Stadtallendorf SK"]

1. d4 Nf6 2. Nf3 e6 3. e3 b6 4. Nbd2 Bb7 5. Bd3 d5 6. O-O Nbd7 7. b3 Bd6 8. Bb2
O-O 9. c4 Ne4 10. a3 a5 11. Qc2 f5 12. Rfc1 Rc8 13. Nf1 Qe7 14. Qe2 c5 15. Ne5
cxd4 16. Nxd7 Qxd7 17. exd4 Bf4 18. Re1 Rfe8 19. f3 Ng5 20. h4 Nf7 21. g3 Bd6
22. Kg2 Kf8 23. Qf2 e5 24. Ne3 e4 25. Be2 f4 26. gxf4 Bxf4 27. Nxd5 Bxd5 28.
cxd5 e3 29. Qf1 Rc2 1/2-1/2

[Event "Hessen Senioren-ch 2012  8th"]
[Site "Bad Sooden-Adf. (14.4.-22.4)"]
[Date "2012.04.14"]
[Round "1.42"]
[White "Smits, Oswald"]
[Black "Kopp, Peter Dr(46)"]
[Result "0-1"]
[WhiteElo "1726"]
[BlackElo "1955"]
[PlyCount "74"]
[EventDate "2012.04.??"]
[EventType "swiss"]
[EventRounds "9"]
[EventCountry "GER"]
[WhiteTeam "Königstein/Schwalbach Sfr."]
[BlackTeam "Hofheim 1920 SV"]

1. d4 Nf6 2. Nf3 g6 3. e3 Bg7 4. Nbd2 d6 5. b3 O-O 6. Bb2 Nbd7 7. Bd3 Re8 8.
O-O e5 9. e4 c6 10. c3 Qc7 11. Re1 a5 12. a4 Nb6 13. c4 Nfd7 14. d5 Nc5 15. Bc2
Na6 16. Rc1 Nb4 17. Bb1 Nd7 18. Nf1 Nc5 19. Rc3 Bd7 20. Bc1 cxd5 21. cxd5 Rac8
22. Ne3 Bh6 23. Nc2 Bxc1 24. Nxb4 axb4 25. Rxc1 b5 26. axb5 Bxb5 27. Qc2 Qb7
28. Qd1 Ra8 29. Re3 Ra1 30. Nd2 Rea8 31. Rh3 Qe7 32. Qg4 Bd7 33. Qh4 Qxh4 34.
Rxh4 g5 35. Rh5 f6 36. f3 R8a2 37. Nf1 Rb2 0-1

[Event "Hessen Senioren-ch 2012  8th"]
[Site "Bad Sooden-Adf. (14.4.-22.4)"]
[Date "2012.04.14"]
[Round "1.43"]
[White "Heinzel, Peter"]
[Black "Mewes, Hans-Dieter"]
[Result "1-0"]
[WhiteElo "1907"]
[BlackElo "1667"]
[PlyCount "89"]
[EventDate "2012.04.??"]
[EventType "swiss"]
[EventRounds "9"]
[EventCountry "GER"]
[WhiteTeam "Mülheim 08/25 SV"]
[BlackTeam "Meckelfeld TV"]

1. b4 e5 2. Bb2 d6 3. e3 Nf6 4. c4 Be7 5. Nc3 O-O 6. Qc2 Be6 7. Nf3 c6 8. a3
Ne8 9. d4 exd4 10. Nxd4 Nd7 11. Be2 c5 12. Nxe6 fxe6 13. O-O Qc8 14. b5 Ndf6
15. Rad1 g6 16. Bf3 Ng7 17. Ne4 Nxe4 18. Qxe4 Rb8 19. Rd2 e5 20. Be2 Qf5 21.
Qd5+ Qf7 22. Qd3 Qf5 23. Qc3 Qe6 24. h3 b6 25. Bg4 Qf7 26. Bf3 Qf5 27. Bg4 Qf7
28. Qc2 Rbd8 29. Bf3 Qf5 30. Qa4 Qg5 31. Bd5+ Kh8 32. Qxa7 Bf6 33. Rdd1 Nf5 34.
Qxb6 Rde8 35. Qa5 e4 36. Bxf6+ Qxf6 37. Qd2 Nh4 38. f4 exf3 39. Bxf3 Qe5 40.
Bd5 Nf5 41. Rde1 Ng3 42. Rf3 Rxf3 43. Bxf3 Nf5 44. b6 Qe7 45. b7 1-0

[Event "Hessen Senioren-ch 2012  8th"]
[Site "Bad Sooden-Adf. (14.4.-22.4)"]
[Date "2012.04.14"]
[Round "1.44"]
[White "Schneider, Miloca"]
[Black "Weyrauch, Erich"]
[Result "0-1"]
[WhiteElo "1706"]
[BlackElo "1989"]
[PlyCount "94"]
[EventDate "2012.04.??"]
[EventType "swiss"]
[EventRounds "9"]
[EventCountry "GER"]
[WhiteTeam "Witten SG"]
[BlackTeam "Letmathe SV"]

1. d4 Nf6 2. c4 e5 3. dxe5 Ng4 4. e4 Nxe5 5. f4 Ng6 6. Be3 Nc6 7. Nf3 Bb4+ 8.
Nc3 Bxc3+ 9. bxc3 b6 10. Qd2 Qe7 11. Bd3 Ba6 12. Nd4 O-O 13. Nf3 Rfe8 14. O-O
d6 15. Rae1 f6 16. Qf2 Qf7 17. Nd2 Na5 18. Qe2 Re7 19. Rf3 Rae8 20. Qf1 Nf8 21.
Rh3 Bb7 22. Bf2 Bc8 23. Rhe3 Ne6 24. Rf3 Bb7 25. Be3 Nc5 26. Bxc5 bxc5 27. Rfe3
Ba6 28. g4 Rb8 29. e5 fxe5 30. Qh3 g6 31. fxe5 Rxe5 32. Rxe5 dxe5 33. Rf1 Qg7
34. g5 Bc8 35. Qe3 Qe7 36. Ne4 Bf5 37. Nf6+ Kh8 38. Nd5 Qd6 39. Bxf5 gxf5 40.
Rxf5 Rb1+ 41. Kg2 Rb2+ 42. Kh3 Nxc4 43. Qe4 Qe6 44. Kg3 Nd6 45. Rf8+ Kg7 46.
Qf3 Nf7 47. Nxc7 Qe7 0-1

[Event "Hessen Senioren-ch 2012  8th"]
[Site "Bad Sooden-Adf. (14.4.-22.4)"]
[Date "2012.04.14"]
[Round "1.45"]
[White "Peleikis, Horst"]
[Black "Wieprecht, Gerhard"]
[Result "1-0"]
[WhiteElo "1973"]
[BlackElo "1717"]
[PlyCount "89"]
[EventDate "2012.04.??"]
[EventType "swiss"]
[EventRounds "9"]
[EventCountry "GER"]
[WhiteTeam "Lister Turm SK"]
[BlackTeam "Kassel CAISSA SV"]

1. e4 c5 2. Nf3 Nc6 3. d4 cxd4 4. Nxd4 Nf6 5. Nc3 d6 6. Bc4 e6 7. Be3 Be7 8. f3
O-O 9. Bb3 a6 10. Qd2 Bd7 11. g4 Nxd4 12. Qxd4 Bc6 13. O-O-O Qc7 14. h4 Rfd8
15. h5 d5 16. e5 Nd7 17. f4 Bc5 18. Qd2 Bxe3 19. Qxe3 d4 20. Qxd4 Bxh1 21. Rxh1
Nb6 22. Qg1 Qc6 23. Rh3 Rd7 24. g5 Rad8 25. g6 fxg6 26. hxg6 h6 27. f5 Nc4 28.
Qf1 b5 29. Rd3 Rf8 30. Rxd7 Qxd7 31. Bxc4 bxc4 32. f6 Qd4 33. f7+ Kh8 34. Ne2
Qxe5 35. Nf4 Qe3+ 36. Kb1 c3 37. b3 Qe5 38. a4 Qf5 39. Qc4 e5 40. Ne6 Qf3 41.
Ka2 Rb8 42. Qc7 Ra8 43. Qxe5 Qf6 44. Qxf6 gxf6 45. g7+ 1-0

[Event "Hessen Senioren-ch 2012  8th"]
[Site "Bad Sooden-Adf. (14.4.-22.4)"]
[Date "2012.04.14"]
[Round "1.46"]
[White "Merettig, Georg"]
[Black "Reinhold, Klaus Dr(44)"]
[Result "0-1"]
[WhiteElo "1748"]
[BlackElo "1952"]
[PlyCount "32"]
[EventDate "2012.04.??"]
[EventType "swiss"]
[EventRounds "9"]
[EventCountry "GER"]
[WhiteTeam "Wolfenbüttel Caissa SV"]
[BlackTeam "Gronau 1920 SC"]

1. Nc3 e5 2. Nf3 Nc6 3. d4 exd4 4. Nxd4 Nf6 5. e4 Bb4 6. f3 O-O 7. Bc4 d5 8.
Nxc6 bxc6 9. Bd3 dxe4 10. fxe4 Nxe4 11. Bxe4 Bxc3+ 12. bxc3 Qh4+ 13. g3 Qxe4+
14. Kf2 Bg4 15. Qe1 Qf3+ 16. Kg1 Bh3 0-1

[Event "Hessen Senioren-ch 2012  8th"]
[Site "Bad Sooden-Adf. (14.4.-22.4)"]
[Date "2012.04.14"]
[Round "1.47"]
[White "Nagorni, Walter"]
[Black "Aepfler, Gerhard"]
[Result "1-0"]
[WhiteElo "1905"]
[BlackElo "1673"]
[PlyCount "47"]
[EventDate "2012.04.??"]
[EventType "swiss"]
[EventRounds "9"]
[EventCountry "GER"]
[WhiteTeam "Lister Turm SK"]
[BlackTeam "Apolda TSG"]

1. Nf3 Nc6 2. d4 d5 3. g3 Bf5 4. Bg2 e6 5. O-O Nf6 6. c4 Be4 7. Nc3 Be7 8. Bg5
h6 9. Bxf6 Bxf6 10. e3 O-O 11. Nxe4 dxe4 12. Nd2 Be7 13. Nxe4 f5 14. Nc3 Qe8
15. d5 Ne5 16. Qe2 g5 17. f4 Ng6 18. dxe6 c6 19. Rad1 Bc5 20. Na4 Bb6 21. c5
Bd8 22. Qc4 Kh7 23. Rd7+ Ne7 24. Rfd1 1-0

[Event "Hessen Senioren-ch 2012  8th"]
[Site "Bad Sooden-Adf. (14.4.-22.4)"]
[Date "2012.04.14"]
[Round "1.48"]
[White "Bendisch, Juergen Dr"]
[Black "Haase, Wolfgang(47)"]
[Result "1/2-1/2"]
[WhiteElo "1692"]
[BlackElo "1924"]
[PlyCount "50"]
[EventDate "2012.04.??"]
[EventType "swiss"]
[EventRounds "9"]
[EventCountry "GER"]
[WhiteTeam "Hennef 1927 SV"]
[BlackTeam "Kassel CAISSA SV"]

1. d4 g6 2. c4 f5 3. g3 Nf6 4. Bg2 Bg7 5. Nc3 O-O 6. Nf3 d6 7. O-O c6 8. Qc2
Na6 9. a3 Qe8 10. e4 fxe4 11. Nxe4 Nxe4 12. Qxe4 Bf5 13. Qe2 e5 14. Qd1 Qf7 15.
b3 Bg4 16. Ng5 Qxf2+ 17. Rxf2 Bxd1 18. Rxf8+ Rxf8 19. Ne6 Re8 20. Nxg7 Kxg7 21.
Be3 Bc2 22. dxe5 dxe5 23. Bxa7 Nc7 24. Be3 Ne6 25. Ra2 Bf5 1/2-1/2

[Event "Hessen Senioren-ch 2012  8th"]
[Site "Bad Sooden-Adf. (14.4.-22.4)"]
[Date "2012.04.14"]
[Round "1.49"]
[White "Rychlik, Kurt"]
[Black "Rehder, Frank"]
[Result "1-0"]
[WhiteElo "1942"]
[BlackElo "1705"]
[PlyCount "61"]
[EventDate "2012.04.??"]
[EventType "swiss"]
[EventRounds "9"]
[EventCountry "GER"]
[WhiteTeam "Berenbostel SV"]
[BlackTeam "Berlin Zugzwang 95 SC"]

1. e4 c5 2. Nf3 e6 3. Nc3 a6 4. a4 Qc7 5. g3 Nc6 6. Bg2 Nf6 7. O-O Be7 8. d3 d6
9. h3 O-O 10. Ne2 Rb8 11. g4 b5 12. axb5 axb5 13. Ng3 Bb7 14. g5 Nd7 15. Nh2 g6
16. h4 f5 17. f4 Nd8 18. Re1 Nb6 19. Nf3 d5 20. exf5 exf5 21. h5 Nf7 22. hxg6
hxg6 23. Re6 Kg7 24. Nh4 Nh8 25. Bd2 Ra8 26. Rxa8 Rxa8 27. Ngxf5+ gxf5 28.
Nxf5+ Kf8 29. Rxe7 Qc8 30. Bh3 Qc6 31. Qh5 1-0